| 000 | 00608nam a2200205 a 4500 | ||
|---|---|---|---|
| 001 | 18909 | ||
| 003 | CO-ViMGA | ||
| 008 | 141112s2004 ck r 000 u spa d | ||
| 020 | _a9681645448 | ||
| 040 |
_aCO-ViMGA _bspa _cCO-ViMGA |
||
| 082 | 0 | 4 | _aTRAV |
| 100 | 1 |
_aTraven, B. _927012 |
|
| 245 | 1 | 0 | _aEl Visitante nocturno |
| 260 |
_aMexico : _bFondo de Cultura Economica; 1991 |
||
| 300 | _a128 p. | ||
| 490 | _aA la orilla del viento para los grandes autores | ||
| 590 |
_aForma de adquisición : Proyecto 2005 - - Precio : _16.200 Ej.1 |
||
| 650 | 1 | 4 |
_aCUENTOS JUVENILES ALEMANES _927013 |
| 942 |
_2ddc _cBK |
||
| 999 |
_c28112 _d28112 |
||